NRL Premiers - Statistics

General Stats
  • This quiz has been taken 116 times
    91 since last reset
  • The average score is 35 of 117
Answer Stats
Hint Answer % Correct
2023 Panthers
85%
2021 Panthers
81%
2022 Panthers
81%
2020 Storm
81%
2015 Cowboys
79%
2014 Rabbitohs
79%
2018 Roosters
79%
2019 Roosters
79%
2016 Sharks
75%
2017 Storm
75%
2012 Storm
73%
2010 Dragons
71%
2005 Tigers
69%
2013 Roosters
67%
2007* Storm
67%
2009* Storm
67%
2011 Manly
65%
2006 Broncos
63%
2004 Bulldogs
63%
2008 Manly
63%
2003 Panthers
62%
2000 Broncos
60%
1908 Rabbitohs
60%
2001 Knights
58%
2002 Roosters
58%
1999 Storm
58%
1998 Broncos
56%
1909 Rabbitohs
56%
1997 (SL) Broncos
50%
1997 (ARL) Knights
48%
1996 Manly
38%
1994 Raiders
38%
1995 Bulldogs
37%
1981 Eels
31%
1982 Eels
31%
1983 Eels
31%
1962 St George
31%
1963 St George
31%
1993 Broncos
29%
1986 Eels
29%
1956 St George
29%
1957 St George
29%
1958 St George
29%
1959 St George
29%
1960 St George
29%
1961 St George
29%
1964 St George
29%
1965 St George
29%
1992 Broncos
27%
1966 St George
27%
1991 Panthers
23%
1914 Rabbitohs
23%
1989 Raiders
23%
1990 Raiders
23%
1984 Bulldogs
21%
1970 Rabbitohs
21%
1971 Rabbitohs
21%
1985 Bulldogs
19%
1988 Bulldogs
19%
1918 Rabbitohs
19%
1967 Rabbitohs
19%
1911 Roosters
19%
1912 Roosters
19%
1913 Roosters
19%
1987 Manly
17%
1910 Newtown
17%
1922 Bears
15%
1980 Bulldogs
15%
1925 Rabbitohs
15%
1927 Rabbitohs
15%
1929 Rabbitohs
15%
1931 Rabbitohs
15%
1953 Rabbitohs
15%
1955 Rabbitohs
15%
1968 Rabbitohs
15%
1975 Roosters
15%
1969 Balmain
13%
1921 Bears
13%
1926 Rabbitohs
13%
1928 Rabbitohs
13%
1932 Rabbitohs
13%
1954 Rabbitohs
13%
1974 Roosters
13%
1915 Balmain
12%
1923 Roosters
12%
1916 Balmain
10%
1917 Balmain
10%
1919 Balmain
10%
1920 Balmain
10%
1924 Balmain
10%
1930 Magpies
10%
1934 Magpies
10%
1972 Manly
10%
1973 Manly
10%
1976 Manly
10%
1978 Manly
10%
1933 Newtown
10%
1950 Rabbitohs
10%
1951 Rabbitohs
10%
1935 Roosters
10%
1936 Roosters
10%
1937 Roosters
10%
1977 St George
10%
1979 St George
10%
1939 Balmain
8%
1938 Bulldogs
8%
1940 Roosters
8%
1944 Balmain
6%
1946 Balmain
6%
1947 Balmain
6%
1948 Magpies
6%
1943 Newtown
6%
1945 Roosters
6%
1949 St George
6%
1942 Bulldogs
4%
1952 Magpies
4%
1941 St George
4%
No matching quizzes found
Score Distribution
Percent of People with Each Score
Percentile by Number Answered
Your Score History
You have not taken this quiz since the last reset